00971 2200325 4500001002100000005001500021007000300036008004100039020001800080035002000098040001700118041000800135082001000143084001600153090002300169100002900192245008800221250001100309264003900320300003800359336002100397337003000418338002300448650001000471700004900481700004000530700004300570850001000613990002200623INLIS00000000000667220260411094853ta260411 0  a979-407-207-9 a0010-0622000007 aSBPUPADbind0 aind a530.3 a530.3 LIE k a297.114 HIS e L4-30 aLiek WilardjoePengarang1 aKamus Fisika :bMekanika /cLiek Wilardjo ;Herman C.Yohannes,Bernadus ,E.F.Da Silva a.-ed.3 a.--Jakarta :bBalai Pustaka,c1996 aviii, 211 hal. :billus. ;c21 cm 2rdacontentaTeks 2rdamediaaTanpa Perantara 2rdacarrieravolume 4akamus0 aPengarang Ke-2,Herman C. YohannesePengarang0 aPengarang Ke-3,BernardusePengarang0 aPengarang Ke-4,E.F Da SilvaePengarang aPUPAD a1825/H/ARPUS/2007